00365nam a2200121Ia 4500008004100000024004300041082001700084100003500101245002300136260002500159600002100184650003800205250506s9999 xx 000 0 und d a12B-68-BS, 12B-129-BS & 12B-122-BS a005.1072 MUH aMuhammad Danish, Arsal & Humza 0aDivine Car Auction aKarachi:bUIT,c2012 aComputer Science aBachelor of Computer Science (BS)